Huellas en la soledad / (Record no. 5941)

MARC details
000 -LEADER
campo de control de longitud fija 00714nam a2200241 i 4500
001 - NÚMERO DE CONTROL
campo de control 5941
003 - IDENTIFICADOR DE NÚMERO DE CONTROL
campo de control ES-MaACL
007 - CAMPO FIJO DE DESCRIPCIÓN FÍSICA--INFORMACIÓN GENERAL
campo de control de longitud fija t|
008 - DATOS DE LONGITUD FIJA--INFORMACIÓN GENERAL
campo de control de longitud fija 890616s1989 sp ||||1| spa d
020 ## - NÚMERO INTERNACIONAL ESTÁNDAR DEL LIBRO
Número Internacional Estándar del Libro 8486181283
080 ## - NÚMERO DE LA CLASIFICACIÓN DECIMAL UNIVERSAL
Número de la Clasificación Decimal Universal 86-14"19"
080 ## - NÚMERO DE LA CLASIFICACIÓN DECIMAL UNIVERSAL
Número de la Clasificación Decimal Universal 86(Mayoral Muñoz,I.7 H.01)
100 0# - ENTRADA PRINCIPAL--NOMBRE DE PERSONA
Nombre de persona Mayoral Muñoz, Irene,
Fechas asociadas al nombre 1930-
9 (RLIN) 79430
245 10 - MENCIÓN DEL TÍTULO
Título Huellas en la soledad /
Mención de responsabilidad, etc. Irene Mayoral Muñoz.
260 ## - PUBLICACIÓN, DISTRIBUCIÓN, ETC.
Lugar de publicación, distribución, etc. Madrid :
Nombre del editor, distribuidor, etc. Andromeda,
Fecha de publicación, distribución, etc. D.L. 1989.
300 ## - DESCRIPCIÓN FÍSICA
Extensión 149 p. ;
Dimensiones 21 cm.
490 1# - MENCIÓN DE SERIE
Mención de serie Acuario ;
Designación de volumen o secuencia 15
830 00 - PUNTO DE ACCESO ADICIONAL DE SERIE-TÍTULO UNIFORME
Título uniforme Acuario (Editorial Andrómeda) ;
Designación de volumen o secuencia 15
9 (RLIN) 236552
852 ## - LOCALIZACIÓN
Ubicación ES-MaACL
Número de control de estantería B-6929
Sublocalización o colección R.116685
Nota libre . - rust.
852 ## - LOCALIZACIÓN
Ubicación ES-MaACL
Número de control de estantería B-6927
Sublocalización o colección R.116686
942 ## - ELEMENTOS DE ENTRADA SECUNDARIOS (KOHA)
Fuente del sistema de clasificación o colocación Clasificación decimal universal
Holdings
Estatus retirado Estado de pérdida Estado de daño No para préstamo Biblioteca de origen Biblioteca actual Ubicación en estantería Fecha de adquisición Fuente de adquisición Total de préstamos Signatura topográfica completa Código de barras Visto por última vez Precio de reemplazo Tipo de ítem Koha
        Biblioteca del Ateneo de Madrid Biblioteca del Ateneo de Madrid Sala Pardo Bazán 17/01/2008     B-6927 1006039 23/02/2023 23/02/2023 Libro impreso
        Biblioteca del Ateneo de Madrid Biblioteca del Ateneo de Madrid Sala Pardo Bazán 17/01/2008     B-6929 1006038 23/02/2023 23/02/2023 Libro impreso